000 00485nam a2200193Ia 4500
005 20140314151319.0
008 140130s9999 xx 000 0 und d
020 _a0439551900
050 _aPZ 7
_b.L5215Cav 2006
100 _aLe Guin, Ursual L.
245 _cUrsual L. Le Guin
_aCatwings return /
260 _bScholastic,
_c2006.
_aNew York :
300 _a48 p. :
_bcol. ill. ;
_c19 cm.
440 _v1
521 _aG5
526 _c730
942 _cBK
_2lcc
999 _c41054
_d41054